000 00260nam a22001097a 4500
082 _a621.381 THE'S
100 _aTHERAJA, B. L
_97131
245 _aSOLID STATE ELECTRONICS, OBJECTIVE TETS
260 _aNEWDELHI
_bS. CHAND
_c1986
300 _a254P
942 _cBK
999 _c574383
_d574383